000 00719 am a2200241 a 4500
005 20240614120851.0
008 100805s1993||||ag a f |||| 000 0 spa d
020 _aS/N
041 _aspa
092 _c174
_l51
_sMAI
100 1 _aMainetti, José Alberto.
_9962
245 _aBioética ficta /
_cJosé Alberto Mainetti.
250 _a1a ed.
260 _aLa Plata [Buenos Aires, Argentina]:
_bQuirón;
_c1993.
300 _a115 p.
500 _aMainetti, J. A. (1993). Bioética ficta. (1a ed.). La Plata [Buenos Aires, Argentina] : Quirón.
653 _aCrísis bioética
653 _aHomo bioéthicus
653 _aBioficciones negativas
653 _aJano técnica
930 _a1158
942 _2ddc
_cBK
999 _c549
_d549